Normal view
MARC view
Entry Corporate Name
001 - CONTROL NUMBER
- control field: 349398
003 - CONTROL NUMBER IDENTIFIER
- control field: OSt
005 - DATE AND TIME OF LATEST TRANSACTION
- control field: 20220926044746.0
008 - FIXED-LENGTH DATA ELEMENTS
- fixed length control field: 220926|| aca||aabn | a|a d
040 ## - CATALOGING SOURCE
- Original cataloging agency: OSt
- Transcribing agency: OSt
110 ## - HEADING--CORPORATE NAME
- Corporate name or jurisdiction name as entry element: India, Public undertaking (committee)
670 ## - SOURCE DATA FOUND
- Source citation: Work cat.: (OSt)675725: India, Public undertaking (committee), Report, Industrial Finance corporation of India.
